Most Populous Pennsylvania Municipalities in 1940 - Statistics

General Stats
  • This quiz has been taken 2 times
  • The average score is 13 of 20
Answer Stats
Population County Status Municipality % Correct
96,904 Lehigh City Allentown
100%
116,955 ____ City Erie
100%
83,893 Dauphin City Harrisburg
100%
66,668 Cambria City Johnstown
100%
61,345 _________ City Lancaster
100%
1,931,334 ____________ City Philadelphia
100%
671,659 Allegheny City Pittsburgh
100%
140,404 Lackawanna City Scranton
100%
86,236 Luzerne City Wilkes-Barre
100%
56,712 ____ City York
100%
80,214 Blair City Altoona
50%
58,490 Northampton/Lehigh City Bethlehem
50%
59,285 Delaware City Chester
50%
38,009 Luzerne City Hazleton
50%
38,181 Montgomery Borough Norristown
50%
110,568 Berks City Reading
50%
33,589 Northampton City Easton
0%
55,355 Allegheny City McKeesport
0%
47,638 Lawrence City New Castle
0%
44,355 Lycoming City Williamsport
0%
No matching quizzes found
Score Distribution
Percent of People with Each Score
Percentile by Number Answered
Your Score History
You have not taken this quiz